000 01109nam a2200361 i 4500
003 EG-GICUC
005 20260414174555.0
008 260414s1985 fr ||||fr|||| 00| 0 fre d
020 _a2225804788
040 _aEG-GiCUC
_bfre
_cEG-GiCUC
_dEG-GiCUC
_eRda
041 _afre
082 0 4 _221
_a341.851
_bMO.D
092 0 4 _221
099 _aLaw1 12 341.851 MO.D 2ed 1985
100 1 _aMoreau , Bertrand
_eAuteur
245 _aDroit interne et droit international de L'Arbitrage /
_c Bertrand Moreau .
250 _a2ed .
264 _aParis :
_bJ. DELMAS ,
_c1985 .
300 _a174 page ;
_c 24 cm.
336 _2rda contenu
_a texte
337 _2rda medias
_aOrdinateur
338 _2 transporteur rda
_a Ressource en ligne
500 _aIl contient un index des pages 171-174 .
546 _aTexte en français
650 1 _aDroit international
650 1 _aDroit international privé
650 1 _aArbitrage
651 1 _2qrmak
700 1 _aThierry BERNARD
_eCo-Auteur
856 4 0 _uhttps://fll.law.cu.edu.eg/fulltext/bks/B12-02660.pdf
905 _a60
942 _2ddc
_cBK
_e21
_n0
999 _c70972
_d70972